Aulton's Pharmaceutics: The Design and Manufacture of Medicines (Record no. 8627)

MARC details
000 -LEADER
fixed length control field 00505nam a22001577a 4500
003 - CONTROL NUMBER IDENTIFIER
control field OSt
008 - FIXED-LENGTH DATA ELEMENTS--GENERAL INFORMATION
fixed length control field 200320b ||||| |||| 00| 0 eng d
020 ## - INTERNATIONAL STANDARD BOOK NUMBER
International Standard Book Number 9780702042904
100 ## - MAIN ENTRY--PERSONAL NAME
Personal name Michael E. Aulton & Kevin M.G. Taylor
245 ## - TITLE STATEMENT
Title Aulton's Pharmaceutics: The Design and Manufacture of Medicines
250 ## - EDITION STATEMENT
Edition statement 5th (2018)
260 ## - PUBLICATION, DISTRIBUTION, ETC. (IMPRINT)
Place of publication, distribution, etc New Delhi
Name of publisher, distributor, etc Elsevier India
300 ## - PHYSICAL DESCRIPTION
Extent Paperback: 2374 pages, Dimensions: 19 x 3.8 x 25.4 cm
650 ## - SUBJECT ADDED ENTRY--TOPICAL TERM
Topical term or geographic name as entry element Pharmaceutical Dosage form /Cosmetic
942 ## - ADDED ENTRY ELEMENTS (KOHA)
Source of classification or shelving scheme Dewey Decimal Classification
Koha item type Text Books
942 ## - ADDED ENTRY ELEMENTS (KOHA)
-- 3
Holdings
Withdrawn status Lost status Source of classification or shelving scheme Damaged status Not for loan Collection code Home library Current library Date acquired Source of acquisition Currency Cost, normal purchase price Bill Number Total Checkouts Full call number Acc. no. / Barcode Date last seen Date last borrowed Actual Cost, discounted price Bill Date Koha item type Shelving location
    Dewey Decimal Classification     B.Pharma PIET C-LIBRARY PIET C-LIBRARY 08/01/2020 Kirti Prakashan IN Rupees 2495.00 IN5984 2 615.19 AUA BP477 28/12/2023 07/02/2023 1871.25 08/01/2020 Text Books  
    Dewey Decimal Classification     B.Pharma PIET C-LIBRARY PIET C-LIBRARY 08/01/2020 Kirti Prakashan IN Rupees 2495.00 IN5984 1 615.19 AUA BP478 28/07/2022 21/07/2022 1871.25 08/01/2020 Text Books  
    Dewey Decimal Classification     B.Pharma PIET C-LIBRARY PIET C-LIBRARY 08/01/2020 Kirti Prakashan IN Rupees 2495.00 IN5984   615.19 AUA BP479 20/03/2020   1871.25 08/01/2020 Reference Books Ref. Sec. R08

Design & Developed by: PIET Central Library
R70 Miles Stone Pattikalyana Samalkha Panipat 132102
mail ID :- [email protected], Phone No:- 0180-2569700 Ex.216